| 000 | 01009nam a22002295i 4500 | ||
|---|---|---|---|
| 001 | 166519 | ||
| 003 | ES-MaACL | ||
| 005 | 20250804012338.0 | ||
| 008 | 050914s1858 sp | |||||||| ||spa d | ||
| 040 |
_aCAM _bspa _cCAM |
||
| 100 | 1 |
_aTorres Muñoz de Luna, Ramón, _d1822-1890 _9133329 |
|
| 245 | 1 | 4 |
_aLos cuatro elementos de Aristóteles en el siglo XIX _b: lecciones pronunciadas en el Ateneo Científico y Literario / _cpor Ramón Torres Muñoz y Luna. |
| 260 |
_aMadrid : _b[s.n.], _c1858 ( _eImprenta de Manuel Alvarez) |
||
| 300 |
_a30 p. ; _c23 cm. |
||
| 530 | _aDisponible en formato digital. | ||
| 600 | 0 | 7 |
_aAristóteles _2embne _922861 |
| 610 | 2 | 4 |
_aAteneo de Madrid- _vConferencias- _yS.XIX. _91910 |
| 650 | 4 |
_aCuatro elementos (Filosofía) _9157128 |
|
| 852 |
_aES-MaACL _jT-67-F-15 _z-- Enc. hol., falto de la cub. original _z-- Enc. en un vol. facticio |
||
| 856 |
_uhttp://bdh-rd.bne.es/viewer.vm?id=0000091517&page=1 _zBiblioteca Digital Hispánica |
||
| 999 |
_c166519 _d166519 |
||